000 00319nam a2200133Ia 4500
005 20251222143201.0
008 251222s9999||||xx |||||||||||||| ||spa||
020 _a84-7030-419-4
082 _a618.97/B88
100 _aBuendía, José
245 0 _aGerontología y Salud:
264 _bBiblioteca Nueva
942 _cLIB
999 _c13081
_d13081